[Event "Kavala op 19th"]
[Site "Kavala"]
[Date "2010.08.07"]
[Round "9"]
[White "Atalik, Suat"]
[Black "Pavlidis, Antonios"]
[Result "1/2-1/2"]
[WhiteElo "2607"]
[BlackElo "2369"]
[Annotator "Atalik,S"]
[PlyCount "120"]
[EventDate "2010.07.30"]
[EventType "swiss"]
[EventRounds "9"]
[EventCountry "GRE"]
[SourceTitle "CBM 137 Extra"]
[Source "ChessBase"]
[SourceDate "2010.09.01"]
[SourceVersion "1"]
[SourceVersionDate "2010.09.01"]
[SourceQuality "1"]

{My first encounter with this guy and it looks like it won't be the last!} 1.
d4 d5 2. c4 c6 3. Nf3 Nf6 4. Qb3 $5 (4. Qc2 {I have beaten Granda Zuniga on
the 3rd round of World Junior Championship in Belfort 1983 with this move alas
recently I prefer the text in case.} g6 5. Bf4 Na6 6. Nbd2 $1 (6. e3 Bf5 7. Qb3
Nb4 $1 8. Qxb4 e5 9. Qxb7 Rb8 10. Qxc6+ Bd7 11. Qxf6 Qxf6 12. Bxe5 Qb6 13. b3
Qa5+ 14. Nfd2 Rxb3 15. axb3 Qxa1 16. Bxh8 Bb4 17. Bd3 Bxd2+ 18. Kxd2 Qb2+ 19.
Bc2 Bf5 20. Rc1 Bxc2 21. Rxc2 Qxb1 22. cxd5 $11 {and tops white gets an equal
game which is sad for the line.}) 6... Bf5 7. Qb3 Qb6 8. a3 $1 {After the
other lines Black has even a more satisfactory game.} (8. Qxb6 axb6 9. a3 dxc4
10. Nxc4 Nb4 11. Rc1 Nbd5) (8. c5 Qxb3 9. axb3 Nh5 10. Bg3 Nb4 11. Ra4 Nxg3 12.
hxg3 a5) 8... Qxb3 9. Nxb3 dxc4 10. Na5 Nd5 11. Bg3 b5 12. Nxc6 Bg7 13. e3 $13)
4... dxc4 (4... e6 $5 5. g3 (5. Bg5 $142 $5 dxc4 6. Qxc4 b5 7. Qc2 Bb7 8. e3
Nbd7 9. Bd3 $1 {A very important move to provide White with Qc2-e2 in time.}
Rc8 10. O-O h6 11. Bh4 Be7 12. Qe2 $14) 5... dxc4 6. Qxc4 b5 7. Qd3 Bb7 8. Bg2
Nbd7 9. O-O a6 (9... Qb6 10. Be3 Nd5 11. Nc3 Nxe3 12. Qxe3 $14) 10. Nfd2 $1 Qb6
11. a4 Rd8 12. axb5 axb5 13. Nb3 c5 14. Bxb7 Qxb7 15. dxc5 Nxc5 16. Qe3 Qd5 17.
Na5 b4 18. Nd2 $14 {is the only way for White to look for an advantage.}) 5.
Qxc4 Bf5 (5... g6 6. Nc3 Bg7 7. e4 O-O {transposes to Russian System against
the Grunfeld Defense.}) (5... Bg4 $5 {is maybe even sharper than the text.} 6.
Nc3 (6. Nbd2 Nbd7 7. g3 e6 8. Bg2 Be7 9. Ne5 Bh5 10. Nxd7 Nxd7 11. O-O O-O 12.
Nb3 a5 13. a4 $11 {is as limp as Grivas' play.}) 6... Nbd7 7. e4 Bxf3 8. gxf3
e5 9. Be3 exd4 (9... Bd6 10. O-O-O Qc7 11. dxe5 Bxe5 $1 (11... Nxe5 $2 12. Qd4)
12. Ne2 {transposes.}) 10. Bxd4 Bd6 11. O-O-O Qc7 12. Ne2 $5 {played by
someone no lesser than Ulf Andersson.} O-O 13. Qc2 $14) 6. g3 e6 7. Bg2 Nbd7 8.
e3 $5 {Trying to avoid Akopian's line.} (8. O-O Nb6 9. Qb3 Qd5 {Akopian's pet
line.} 10. Ne5 $1 Qxb3 (10... Qxd4 11. Nxc6 bxc6 12. Rd1 Qb4 13. Bxc6+ Nfd7 14.
Qxb4 Bxb4 15. Rxd7 Nxd7 16. Bxa8 Ke7 17. Bg2 Rc8 18. Na3 Bxa3 19. bxa3 Rc2 20.
e4 Bg6 21. Be3 a5 22. f3 $13) 11. axb3 Be4 12. Bxe4 Nxe4 13. Nc3 Nxc3 14. bxc3
c5 15. Be3 $16) (8. Nc3 Be7 9. O-O O-O 10. Re1 {is the alternative.} Ne4 (10...
Bg6 11. e4 b5 12. Qxc6 b4 13. e5 bxc3 14. exf6 Nxf6 15. bxc3 Rc8 16. Qa6 Rxc3
17. Ne5 Qb6 18. Qxb6 axb6 19. d5 Bc5 20. dxe6 fxe6 21. Nxg6 (21. Be3 Bxe3 22.
Rxe3 Rxe3 23. fxe3 Be4 $11) 21... hxg6 22. Be3 Bxe3 23. Rxe3 Rxe3 24. fxe3 $14)
(10... h6 11. e4 Bh7 12. Bf4 Rc8 13. Qe2 Re8 14. Rad1 Qb6 15. a3 $14) (10...
Rc8 11. e4 Bg6 12. Qe2 $5) (10... b5 $5 11. Qxc6 b4 12. e4 Bg6 13. e5 Rc8 14.
Qa6 {transposes to the line above.}) 11. Qb3 Qb6 12. Nh4 Bxh4 13. gxh4 Nxc3 14.
Qxc3 $5 Bg6 15. Bf4 Qd8 16. Qg3 Nf6 17. Be5 Nh5 18. Qb3 f6 19. Bg3 $14) 8...
Be7 9. O-O O-O 10. Qe2 (10. Rd1 $5 h6 (10... Qb6 11. Nc3 Ne4 12. Qe2 Rfd8 (
12... Nxc3 13. bxc3 Be4 $6 14. Ne5 $1 {is the idea.}) 13. Nh4 $1 Nxc3 14. bxc3
Bxh4 15. gxh4 $16 {is good since Black's rook covers the d8-square.}) (10...
Rc8 11. Qe2 Qc7 12. Nc3 Ne4 13. Ne1 (13. Nh4 Nxc3 14. bxc3 Bxh4 15. gxh4 e5 16.
e4 Be6 17. Be3 $13) (13. Nd2 Nxc3 14. bxc3 Bc2 15. Re1 Bg6 16. a4 c5 17. Ba3
$13) 13... Nxc3 14. bxc3 c5 15. e4 Bg6 16. Nd3 cxd4 17. cxd4 Qc2 18. Bd2 Qa4
$132) (10... Qc7 {is parallel to the game continuation.} 11. Nc3 Ne4 (11... e5
12. h3 $1 {is the cause of recent popularity for the line.} Rad8 13. g4 Bg6 14.
Qe2 $14 {and White is ready for e4.}) 12. Ne1 (12. Nd2 Nxc3 13. Qxc3 e5 14. d5)
12... Ndf6 13. f3 Nxc3 14. bxc3 e5 15. e4 Be6 16. Qe2 Qa5 17. Nd3 Nd7 18. Qb2
Rad8 19. Be3 $14) (10... e5 11. Nc3 Qc7 12. h3 {is also another transposition.}
) 11. Qe2 Bh7 12. Nc3 Ne4 13. Bd2 $5 (13. Ne1 Nxc3 14. bxc3 Qa5 15. Bd2 Nb6 16.
e4 $14)) ({allows} 10. Nc3 Ne4 $11) 10... Ne4 $5 (10... h6 11. Rd1 Qc7 12. Nc3
Ne4 13. Ne1 Nxc3 14. bxc3 Bh7 15. e4 $14) 11. Rd1 Qc7 (11... Qb6 12. Nc3 {
transposes to one of the lines mentioned above.}) 12. Nbd2 $5 {I could have
tried to take the advantage of his wrongly posted knight.} (12. Ne1 e5 13. Nd3
(13. f3 $6 Nd6 14. e4 Be6 $132) 13... h6 (13... exd4 $2 14. g4 Bg6 15. exd4
Ndf6 16. g5 $18 {wins a piece.}) (13... Rfe8 $2 14. g4 Bg6 15. dxe5 Nec5 16.
Nxc5 Bxc5 17. f4 $16) 14. f3 Nef6 15. e4 Be6 16. Be3 $14) 12... Nxd2 13. Nxd2
$1 {Trying to build the center up.} Bc2 $1 {A deep move which escaped my
attention.} (13... c5 14. Nc4 cxd4 15. exd4 Nb6 16. Nxb6 Qxb6 17. Be3 $14 {
was my idea.}) 14. Re1 c5 15. Nc4 Ba4 $1 16. b3 (16. d5 $142 exd5 17. Bxd5 Nf6
18. Bf3 $14 {was most likely a better option.}) 16... Bc6 17. Bb2 Bxg2 $5 (
17... b5 18. Nd2 Rac8 19. Bxc6 Qxc6 20. a4 $14) 18. Kxg2 cxd4 $5 (18... b6 $5
19. Qf3 Rac8 20. Rac1 Qc6 $11) 19. Bxd4 e5 {His play was daring around this
part of the game.} 20. Bb2 b5 21. Nd2 Qc2 $5 {A very interesting play emerged
around this part of the game.} 22. Nf3 $5 {For some reason I wanted to force
the endgame at once.} (22. Rab1 Bb4 23. Red1 (23. Rec1 $5 Qxd2 24. Qxd2 Bxd2
25. Rd1 f6 26. Rxd2 $14) (23. Nf3 Qxe2 24. Rxe2 f6 $11 {is similar to the game.
}) 23... a6 {should have been his idea.} 24. a3 Be7 25. Qf3 Rfd8 26. Qb7 Qc8
$13 {and some computerish play.}) 22... Qxe2 23. Rxe2 f6 24. Rc2 Rfc8 25. Rac1
Nb6 26. Nh4 $5 (26. e4 $5 Kf8 $11 {with more or less equal chances.} (26... Kf7
$6 27. Rc7)) 26... Rxc2 (26... g6 27. f4 exf4 28. exf4 {looks like what has
happened in the game.}) 27. Rxc2 Rc8 28. Rxc8+ Nxc8 29. f4 exf4 $5 {Way too
many exchanges and this is a risky strategy since he really opened the center
when my king is closer to that.} (29... e4 30. Nf5 Kf7 31. g4 Bc5 32. Bd4 Bxd4
33. exd4 g6 34. Ne3 Nd6 35. f5 b4 36. Kg3 g5 37. Nd5 Nb5 38. Nxb4 Nxd4 39. Kf2
Nf3 40. h3 h5 41. gxh5 Nd4 $132) 30. exf4 Kf7 31. Nf5 (31. Kf3 Nd6) 31... g6
32. Nd4 $1 {Probing weaknesses.} a6 33. f5 Bc5 34. Kf3 Nd6 35. g4 Bxd4 $2 {
Terribly dangerous to go into a minor piece endgame like this. This proves
that still Pavlidis' bones are soft for top competitions.} (35... gxf5 36. Nxf5
Ke6 37. Ng7+ Kf7 38. Nh5 f5 39. gxf5 Nxf5 40. Ke4 Ne7 $11) 36. fxg6+ Kxg6 $6 {
Another weird move.} (36... hxg6 $142 37. Bxd4 g5 38. Bc5 Ke6 39. Bb4 $1 (39.
Bxd6 $6 Kxd6 40. Ke4 Ke6 41. b4 Kd6 42. Kf5 (42. Kd4 Kc6) 42... Ke7 $11) 39...
Kd5 40. Bc3 Ke6 41. Ke3 f5 42. gxf5+ Nxf5+ 43. Ke4 $16) 37. Bxd4 f5 38. Kf4 $1
{Obvious!} fxg4 39. Kxg4 Nf5 40. Be5 Ne3+ 41. Kf4 Nf1 42. Ke4 ({I could have
won on the spot if I would not have worried about the future of my teeny tiny
h-pawn.} 42. h3 $142 $1 Kh5 43. Bf6 $1 h6 (43... Kg6 $2 44. Bc3 $18) (43... Nd2
44. Bc3 Nb1 45. Be1 Na3 46. Ke4 Nc2 47. Bd2 $18) 44. Bd8 Nh2 45. Kg3 Nf1+ 46.
Kf3 Nd2+ 47. Ke3 Nf1+ 48. Kd4 Ng3 49. a4 $1 (49. Kc5 $2 Ne4+ 50. Kb6 b4 51.
Kxa6 Nc3 $11) 49... bxa4 50. bxa4 Nf5+ 51. Kc5 Ng7 52. Kb6 Ne6 53. Be7 Kg6 54.
Kxa6 $18 {should win.}) 42... Nd2+ 43. Kd5 Kf5 44. Bc7 Ne4 45. Ba5 $2 {After a
long thought I have come up with this overcautious and bad move.} (45. Kc6 $1
Ke6 (45... Nc3 46. a3 (46. Kb6 b4 47. Kxa6 Ke4 48. Bd6 Nxa2 49. Kb5 Kd3 50. Ka4
Kc2 51. Bxb4 Nc1 $11) 46... Nb1 47. Bd6 Nd2 48. Kb6 Ke6 49. Bf4 Nxb3 50. Kxa6
Nd4 51. Be3 Nf5 52. Bc5 Nh4 53. Kxb5 Nf3 54. a4 $18) 46. Ba5 $18) 45... h5 $5 {
He even had better tries.} (45... Ng5 46. Kc6 Ke6 47. h4 Nf3 48. h5 Ng5 49. Kb6
Kd5 50. Kxa6 Kc6 $11) (45... Nf2 46. Kc6 Ke6 47. Kb6 Kd5 48. Kxa6 Kc6 49. Be1
Nd3 50. Bd2 h5 $11) 46. Be1 $2 {I could have tried more.} (46. Kc6 {was a real
try.} Ke6 $3 (46... Kg4 $2 47. Kb7 Kh3 48. Kxa6 (48. Bc7 $2 b4 49. Kxa6 Nc3 50.
Bd6 Nxa2 51. Kb5 h4 52. Kc4 Kg2 $11) 48... Kxh2 49. Kxb5 Kg2 50. a4 h4 51. Bc7
$18 {since White promotes with a check.}) (46... Nf2 $2 47. Kb7 Nd3 48. Kxa6
Nc1 49. Kxb5 Nxa2 50. Bd2 $18) (46... Ng5 $2 47. Kb7 Nf3 48. Bc7 (48. Kxa6 Nxh2
49. Kxb5 h4 50. Bc7 Ng4 51. Kc6 (51. a4 $4 Ne5 $18) 51... Ke4 52. Kd6 Ne5 53.
Ke6 Nd3 $11) 48... a5 49. Ka6 a4 50. Kxb5 axb3 51. axb3 Ke4 52. Kc5 $18) 47.
Be1 (47. Kb6 $2 Kd5 48. Kxa6 Kc6 49. Be1 Nc5+ $11) 47... Ke5 48. Kb6 Kd5 49.
Kxa6 Kc6 50. Ka5 Ng5 51. Bf2 Nf3 52. h3 Ng5 53. h4 Ne6 54. Kb4 Nf4 55. Kc3 Kd5
$11) 46... h4 47. Kc6 (47. a4 bxa4 48. bxa4 h3 49. a5 Kf4 50. Kc6 $2 Kf3 51.
Kb6 Kg2 $19 {and White even loses this one.}) (47. Bxh4 Nc3+ 48. Kc5 Nxa2 49.
b4 Nc1 50. Kb6 Nd3 51. Ka5 Kg4 52. Bg3 Kh3 53. Bd6 Kh4 54. Kxa6 Nxb4+ 55. Bxb4
Kh3 56. Bd6 b4 $11) 47... h3 48. Kb6 Kg4 49. Kxa6 Kf3 50. Ba5 $8 Kg2 51. Bc7 b4
52. Kb5 Nc3+ 53. Kc4 Nxa2 $11 {Excellent calculation by the young Greek when
he pushed h5. Funnily I was afraid of such an ending when I have played Anton
Sitnikov right here in Kavala 2005!} 54. Bd6 Kf3 55. Kd3 Kf2 56. Kc2 Kg2 57.
Kd3 Nc1+ 58. Kc4 Na2 59. Kd3 Nc1+ 60. Kc4 Na2 1/2-1/2

[Event "CRO-ch"]
[Site "Zagreb"]
[Date "2004.11.17"]
[Round "2"]
[White "Saric, Ante"]
[Black "Leventic, Ivan"]
[Result "0-1"]
[WhiteElo "2437"]
[BlackElo "2502"]
[Annotator "Atlas,V"]
[PlyCount "64"]
[EventDate "2004.11.16"]
[EventType "tourn"]
[EventRounds "11"]
[EventCountry "CRO"]
[EventCategory "10"]
[SourceTitle "CBM 105"]
[Source "ChessBase"]
[SourceDate "2005.04.11"]
[SourceVersion "1"]
[SourceVersionDate "2005.04.11"]
[SourceQuality "1"]

1. d4 d5 2. c4 c6 3. Nf3 Nf6 4. Qc2 dxc4 5. Qxc4 Bf5 6. g3 e6 7. Bg2 Nbd7 8.
O-O Be7 9. e3 O-O 10. Qe2 c5 11. b3 Ne4 12. Bb2 a6 13. Rd1 Qc7 14. Ne5 Nxe5 15.
dxe5 f6 16. g4 Bg6 17. Qc4 Rad8 18. Nc3 Nxc3 19. Bxc3 Qc8 20. exf6 Bxf6 21.
Bxf6 gxf6 22. h4 b5 23. Qc3 (23. Rxd8 Rxd8 24. Qf4 {was to be preferred. war
vorzuziehen.}) 23... e5 $1 24. g5 Qg4 25. f3 Qxh4 26. gxf6 Qxf6 27. Qxc5 Bd3
28. Rac1 Kh8 29. Rd2 Rg8 30. Qc3 Qg7 31. Qb2 Rd6 32. Rc5 $4 (32. Rcd1 {was
elegantly refuted by würde ebenfalls elegant widerlegt durch} Be2) ({Essential
was Erforderlich war} 32. Rf2) {[%tqu "En","How can Black punish White for his
last imprudent move?","Exploit the shaky position of the white bishop and the
weakness of White's back rank.","A terrific bishop move should decide the game.
","d3e2","This beautiful sacrifice crowns Black's attack.",6,"De","Wie kann
Schwarz seinen Gegner für dessen letzten unvorsichtigen Zug bestrafen?",
"Schlagen Sie Kapital aus der unsicheren Stellung des weißen Läufers sowie der
Schwäche der weißen Grundreihe.","Ein fabelhafter Läuferzug soll die Partie
entscheiden.","d3e2","Dieses wunderschöne Opfer krönt den schwarzen Angriff.",
6]} 32... Be2 $3 {[%csl Rd2,Gd6,Rg1,Rg2,Gg7,Gg8][%cal Gg8g1,Gd6d1] A
remarkable game conclusion! This beautiful bishop move breaks White's defense
and wins on the spot. Ein sehenswerter Partieschluss! Dieser wunderschöne
Läuferzug durchbricht die weiße Verteidigung und gewinnt auf der Stelle.} ({
White resigned in view of the line: Weiß gab auf hinsichtlich des Abspiels} 
32... Be2 33. Rxe2 (33. Rxd6 Qxg2#) (33. Qxe5 Qxe5 34. Rxe5 Rxd2) 33... Rd1+
34. Kh2 (34. Kf2 Qg3#) 34... Qg3#) 0-1

[Event "Yerevan"]
[Site "Yerevan"]
[Date "1989.??.??"]
[Round "?"]
[White "Spiridonov, Nikola"]
[Black "Ivanchuk, Vassily"]
[Result "0-1"]
[WhiteElo "2390"]
[BlackElo "2635"]
[Annotator "Bulletin"]
[PlyCount "76"]
[EventDate "1989.05.??"]
[EventType "tourn"]
[EventRounds "11"]
[EventCountry "URS"]
[EventCategory "12"]
[SourceTitle "CBM 014"]
[Source "ChessBase"]
[SourceDate "1990.02.01"]
[SourceVersion "1"]
[SourceVersionDate "1990.02.01"]
[SourceQuality "1"]

1. c4 c6 2. Nf3 Nf6 3. d4 d5 4. Qc2 dxc4 5. Qxc4 Bf5 6. g3 Nbd7 7. Bg2 e6 8.
O-O Be7 9. b3 $6 {/\ Bc1-a3} Nb6 10. Qc3 Nbd5 11. Qb2 O-O 12. Nc3 Ne4 13. Nxd5
$2 (13. Nxe4 Bxe4 14. Ne5 $10) 13... exd5 14. Be3 Re8 15. Rfd1 Bb4 16. Nh4 Bd7
17. Qc1 Qc8 18. a3 Bd6 19. Qb2 Bh3 20. Bh1 f5 21. Bd2 h6 22. Be1 f4 23. Bg2 g5
24. Nf3 Qf5 25. Rd3 Re6 26. b4 Rae8 27. Rad1 $2 Bxg2 28. Kxg2 fxg3 29. hxg3
Nxg3 $1 30. Ne5 Qe4+ 31. Nf3 Nxe2 32. Kf1 Nf4 33. Re3 Qf5 34. Ne5 Bxe5 35. dxe5
Rxe5 36. Rg3 Qe4 37. Kg1 Ne2+ 38. Kh2 Nxg3 0-1

[Event "Hoogovens"]
[Site "Wijk aan Zee"]
[Date "1984.01.26"]
[Round "11"]
[White "Miles, Anthony John"]
[Black "Huebner, Robert"]
[Result "1-0"]
[WhiteElo "2565"]
[BlackElo "2620"]
[Annotator "Bulletin"]
[PlyCount "81"]
[EventDate "1984.01.13"]
[EventType "tourn"]
[EventRounds "13"]
[EventCountry "NED"]
[EventCategory "13"]
[SourceTitle "MCL"]
[Source "ChessBase"]
[SourceDate "1999.07.01"]
[SourceVersion "1"]
[SourceVersionDate "1999.07.01"]
[SourceQuality "1"]

1. d4 Nf6 2. c4 c6 3. Nf3 d5 4. Qc2 dxc4 5. Qxc4 Bf5 6. g3 Nbd7 7. Bg2 e6 8.
O-O Be7 9. Nc3 O-O 10. Bf4 Ne4 (10... Nb6) (10... h6 $5) 11. a4 $1 {|^} a5 12.
Rfd1 Qb6 $6 13. Nh4 $1 Bxh4 (13... Nxc3 14. Nxf5 Nxd1 15. Nxe7+ $16) (13... Nd6
14. Bxd6 Bxd6 15. Nxf5 exf5 16. Bh3 $1 $16) 14. Nxe4 (14. gxh4 $5) 14... Bxe4 (
14... Be7) 15. Bxe4 Be7 16. Bf3 Nf6 17. e4 $16 {()^^} Rad8 18. Be3 Qc7 19. Rac1
Qd7 20. Rc3 $1 Bb4 21. Rcd3 Qe7 22. Kg2 Rd7 23. b3 Rfd8 24. Bg5 $1 h6 25. Bc1 {
/\ Bb2} Ba3 26. Be3 Bb4 27. h4 Ne8 28. Qc2 Nc7 $6 (28... Nf6) 29. Qe2 Na6 30.
Kg1 Bd6 31. Bg2 Nb4 32. R3d2 Bc7 33. Qg4 $36 {>>} Kf8 34. Bf1 Bb6 35. Bc4 Qf6
36. Kg2 Ke7 (36... Bxd4 $2 37. e5 $18) 37. Qh5 $1 Kf8 (37... Qg6 38. Qxg6 fxg6
39. Kf3 {/\ Ke2,g4,f4,Kf3,h5 +- |^<->g}) 38. g4 $1 $18 {/\ g5} Rc8 39. g5 hxg5
40. Bxg5 g6 41. Qh7 1-0

[Event "Buenos Aires"]
[Site "Buenos Aires"]
[Date "1980.??.??"]
[Round "?"]
[White "Andersson, Ulf"]
[Black "Hort, Vlastimil"]
[Result "1/2-1/2"]
[WhiteElo "2590"]
[BlackElo "2595"]
[Annotator "Chekhov,V"]
[PlyCount "46"]
[EventDate "1980.10.15"]
[EventType "tourn"]
[EventRounds "13"]
[EventCountry "ARG"]
[EventCategory "13"]
[SourceTitle "MCL"]
[Source "ChessBase"]
[SourceDate "1999.07.01"]
[SourceVersion "1"]
[SourceVersionDate "1999.07.01"]
[SourceQuality "1"]

1. Nf3 d5 2. d4 Nf6 3. c4 dxc4 4. Qa4+ c6 (4... Nc6 $5 5. Nc3 (5. g3 g6 $1 6.
Bg2 Nd7 $1 $13) 5... e6 6. Qxc4 Nb4 7. Qb3 c5 8. e3 (8. dxc5 Bxc5 $10) 8...
cxd4 9. exd4 Be7 10. Bg5 Nc6 11. Rd1 O-O {Illescas Cordoba,M-Wolff,P/Biel/1993/
0:1 (61)/ Inf 58/418/}) 5. Qxc4 g6 (5... Bf5 $5 6. g3 Nbd7 7. Nc3 e6 8. Bg2 Be7
9. O-O O-O 10. e3 Ne4 11. Qe2 Qb6 $5 (11... Nxc3 12. bxc3 Be4 $10 {Shirov/})
12. Nd2 Nd6 $13 {Vaganian,R-Shirov,A/Manila/1992/0:1 (59)/ Inf 55/388/}) (5...
Bg4 $5 6. Nc3 Bxf3 7. gxf3 g6 8. e4 Bg7 {Krasenkov,M-Garcia Palermo,C/Andorra/
1991/0:1 (32)/} 9. Be3 $5) 6. g3 (6. Nc3 Bg7 7. g3 Be6 8. Qd3 Na6 9. Bg2 Bf5
10. Qd1 Ne4 11. O-O O-O 12. Bf4 Nxc3 13. bxc3 Be4 $10 {Pachman,L-Szabo,Z/Varna/
1962/}) 6... Bg7 7. Bg2 Be6 8. Qc2 (8. Qa4 $5) 8... Bf5 9. Qa4 Nbd7 10. O-O O-O
11. Nc3 a5 (11... Ne4 $5 {P c3, e4/} 12. Nh4 Nxc3 13. bxc3 Bg4 {Pe5/}) 12. Qd1
Nb6 (12... Ne4 13. Nh4 Nxc3 14. bxc3 Be6 15. e4) 13. Ne5 Nfd7 14. e4 Nxe5 $1 (
14... Be6 15. Nf3 Bg4 16. h3 Bxf3 17. Bxf3 $14) 15. exf5 Nec4 16. fxg6 hxg6 17.
Ne2 e6 (17... a4 $5) 18. h4 (18. b3 Nd6 19. Bf4 Nd5 20. Be5 f6 21. Bxd6 (21.
Bf4 $5) 21... Qxd6 22. Qc2 f5 $15) 18... Nd5 19. Bf3 $6 (19. Bg5 $5 f6 (19...
Qd7 20. Qc1 Nd6 21. Bh6) 20. Bc1 Nd6 $1 21. Qc2 Nf5) 19... Re8 20. Kg2 Bf6 21.
Qd3 Nd6 22. Bd2 Nf5 23. h5 g5 (23... g5 24. Rad1 Kg7 (24... Nb4 25. Qc4) 25.
Bc1 Rh8 {P b6, ad8 /}) 1/2-1/2

[Event "Hoogovens"]
[Site "Wijk aan Zee"]
[Date "1992.01.??"]
[Round "?"]
[White "Salov, Valery"]
[Black "Brenninkmeijer, Joris"]
[Result "1-0"]
[WhiteElo "2655"]
[BlackElo "2500"]
[Annotator "ChessBase"]
[PlyCount "83"]
[EventDate "1992.01.??"]
[EventType "tourn"]
[EventRounds "13"]
[EventCountry "NED"]
[EventCategory "14"]
[SourceTitle "CBM 028"]
[Source "ChessBase"]
[SourceDate "1992.06.01"]
[SourceVersion "1"]
[SourceVersionDate "1992.06.01"]
[SourceQuality "1"]

1. Nf3 d5 2. c4 c6 3. d4 Nf6 4. Qc2 dxc4 5. Qxc4 Bf5 6. Nc3 e6 7. g3 Be7 8. Bg2
Nbd7 9. O-O O-O 10. e3 Ne4 11. Qe2 Bb4 12. Bd2 Nxd2 13. Nxd2 e5 $1 14. a3 Ba5
$6 (14... exd4 $1) 15. Nb3 Be6 16. d5 $16 cxd5 17. Nxd5 Bb6 18. Rac1 Nf6 19.
Nxb6 Qxb6 20. Nc5 Bg4 21. Qc2 Rac8 22. b4 Qb5 23. h3 Bh5 24. Qb3 b6 25. a4 Qe8
26. Ne4 Nxe4 27. Bxe4 Qd7 28. Kg2 Rfd8 29. b5 Bg6 30. Bc6 Qe7 31. Rfd1 Bf5 32.
e4 Be6 33. Qc3 f6 34. a5 Kf7 35. axb6 axb6 36. Qe3 Rxd1 37. Rxd1 Qc5 38. Qxc5
bxc5 39. Ra1 Rc7 40. Ra8 c4 41. Be8+ Ke7 42. b6 1-0

[Event "Koop Tjuchem"]
[Site "Groningen"]
[Date "1996.??.??"]
[Round "8"]
[White "Akopian, Vladimir Eduardovic"]
[Black "Gelfand, Boris"]
[Result "1/2-1/2"]
[WhiteElo "2630"]
[BlackElo "2665"]
[Annotator "ChessBase"]
[PlyCount "66"]
[EventDate "1996.12.20"]
[EventType "tourn"]
[EventRounds "11"]
[EventCountry "NED"]
[EventCategory "16"]
[SourceTitle "CBM 057"]
[Source "ChessBase"]
[SourceDate "1997.04.01"]
[SourceVersion "1"]
[SourceVersionDate "1997.04.01"]
[SourceQuality "1"]

1. Nf3 d5 2. d4 Nf6 3. c4 c6 4. Qb3 dxc4 5. Qxc4 Bf5 6. Nc3 Nbd7 7. g3 e6 8.
Bg2 Be7 9. O-O O-O 10. e3 Ne4 11. Qe2 Nxc3 12. bxc3 Be4 13. c4 c5 14. Rd1 Nf6
15. Bb2 Qc7 16. Rac1 Rad8 17. Ne1 Bxg2 18. Nxg2 cxd4 19. exd4 Rfe8 20. d5 exd5
21. cxd5 Qa5 22. Ne3 Qxa2 23. Ra1 Qb3 24. Rdb1 Qb6 25. Be5 Bb4 26. Qc4 Rxe5 27.
Rxb4 Re4 $4 28. Rxb6 Rxc4 29. Rxb7 $4 (29. Rxf6 $18) 29... Rd4 30. Nf5 Rd2 31.
Raxa7 Rf8 32. d6 h5 33. Rc7 Kh7 1/2-1/2

[Event "FRG-ch 20th"]
[Site "Bad Neuenahr"]
[Date "1989.??.??"]
[Round "?"]
[White "Keitlinghaus, Ludger"]
[Black "Wegner, Hannu"]
[Result "1-0"]
[WhiteElo "2410"]
[BlackElo "2350"]
[Annotator "ChessBase"]
[PlyCount "57"]
[EventDate "1989.??.??"]
[EventType "tourn"]
[EventRounds "15"]
[EventCountry "GER"]
[EventCategory "6"]
[SourceTitle "CBM 015"]
[Source "ChessBase"]
[SourceDate "1990.04.01"]
[SourceVersion "1"]
[SourceVersionDate "1990.04.01"]
[SourceQuality "1"]

1. c4 Nf6 2. Nf3 c6 3. d4 d5 4. Qc2 dxc4 5. Qxc4 Bf5 6. g3 e6 7. Bg2 Nbd7 8.
O-O Be7 9. Nc3 O-O 10. e3 Ne4 11. Nd2 Nxd2 12. Bxd2 e5 13. e4 Nb6 $6 (13...
exd4 14. exf5 (14. Qxd4 Be6 15. Be3 Nb6 16. Qxd8 Rfxd8 $10) 14... dxc3 15. Bxc3
Bf6 $1 $10) 14. Qb3 exd4 15. exf5 dxc3 16. Bxc3 Qd3 $2 (16... Qd7 17. Rfe1 Rfe8
18. Qc2 Rad8 19. Rad1 Qc8 $14) 17. Rfe1 Rfe8 18. Re4 $1 Qd7 19. Rg4 Bf8 20. Bh3
$1 Qd6 $2 (20... Qc7 21. Rd1 Rad8 $14) 21. Rd1 Qh6 22. Rh4 Qg5 23. f6 $1 g6 24.
Rxh7 Kxh7 25. Qxf7+ Kh8 26. Rd4 Bh6 27. Rh4 Qc1+ 28. Kg2 Rg8 29. Be6 1-0

[Event "Brno-A"]
[Site "Brno"]
[Date "1994.??.??"]
[Round "4"]
[White "Dreev, Alexey"]
[Black "Haba, Petr"]
[Result "1-0"]
[WhiteElo "2650"]
[BlackElo "2505"]
[Annotator "ChessBase"]
[PlyCount "41"]
[EventDate "1994.08.??"]
[EventType "tourn"]
[EventRounds "9"]
[EventCountry "CZE"]
[EventCategory "13"]
[SourceTitle "CBM 043"]
[Source "ChessBase"]
[SourceDate "1994.12.01"]
[SourceVersion "1"]
[SourceVersionDate "1994.12.01"]
[SourceQuality "1"]

1. d4 d5 2. c4 c6 3. Nf3 Nf6 4. Qc2 dxc4 5. Qxc4 Bf5 6. g3 e6 7. Bg2 Nbd7 8.
O-O Be7 9. Nc3 O-O 10. Bg5 Ne4 11. Bxe7 Qxe7 12. Qb3 Rab8 13. Nd1 Nd6 14. Re1
Rfe8 15. Nc3 e5 16. Qa3 e4 17. Nh4 e3 18. fxe3 Qxe3+ 19. Kh1 Qe6 20. e4 Bh3 $4
(20... Bg4 $142) 21. Bxh3 (21. Bxh3 Qxh3 22. Qxd6) 1-0